书目信息 |
| 题名: |
网络社会:点与线的生存
|
|
| 作者: | 陈志良 , 明德 主编 | |
| 分册: | ||
| 出版信息: | 北京 科学普及出版社 1999.04 |
|
| 页数: | 343页 | |
| 开本: | 32开 | |
| 丛书名: | ||
| 单 册: | ||
| 中图分类: | TP393-49 | |
| 科图分类: | ||
| 主题词: | 计算机应用 | |
| 电子资源: | ||
| ISBN: | 7-110-04595-1 | |
| 000 | 00620nam0 2200205 45 | |
| 001 | 0010020974 | |
| 005 | 20001003022042.7 | |
| 010 | @a7-110-04595-1@d20.00元 | |
| 100 | @a20001002d1999 km y0chiy0120 ea | |
| 101 | 0 | @achi |
| 105 | @a z 000yy | |
| 200 | 1 | @a网络社会:点与线的生存@AWang Luo She Hui:Dian Yu Xian De Sheng Cun@f陈志良,明德主编@FChen Zhi Liang,MingDe Zhu Bian |
| 210 | @a北京@c科学普及出版社@d1999.04 | |
| 215 | @a343页@d32开 | |
| 606 | 0 | @a计算机应用 |
| 690 | @aTP393-49@v3 | |
| 701 | 0 | @a陈志良@4主编 |
| 701 | 0 | @a明德@4主编 |
| 801 | @aCN@bPftUser@c20001002 | |
| 905 | @dTP393-49@eD926@b413080-081@f2 | |
| 网络社会:点与线的生存/陈志良,明德主编.-北京:科学普及出版社,1999.04 |
| 343页;32开 |
| ISBN 7-110-04595-1:20.00元 |
| ● |
| 相关链接 |
|
|
|
正题名:网络社会:点与线的生存
索取号:TP393-49/D926
 
预约/预借
| 序号 | 登录号 | 条形码 | 馆藏地/架位号 | 状态 | 备注 |
| 1 | 413080 | 204130804 | 期刊室512/301自科库 60排1列3层/ [索取号:TP393-49/D926] | 在馆 | |
| 2 | 413081 | 204130813 | 自科二线404/ [索取号:TP393-49/D926] | 在馆 |